000 02161cam a2200613 a 4500
001 20084
003 VRT
005 20260115153519.0
008 230501s1963 xo aoc grn 000 0 slo
015 _aSNBA1964/02-00456
020 _q(viazané)
035 _aSK01SNK19640016624
035 _a48456DED-4FB9-4982-A645-DC1510D213C0
035 _aurn:nbn:sk:snk-am00icnk
035 _aSKM000019087
039 9 _a202311091436
_bAUTHORITY
_c202311091436
_dAUTHORITY
_c202305011845
_dVLOAD
_c202304281446
_dVLOAD
040 _aSNK
_bslo
_cSNK
_dSVKBB
_dSNK
_eAACR2
041 0 _aslo
_beng
_bger
_bhun
_brus
043 _ae-xo---
044 _axo
_cSK
072 7 _a792
_xDivadlo. Divadelné predstavenia
_2konspekt
080 _a792.05
_22011
080 _a(437.6)
_22011
080 _a(082.2)
_22011
080 _a(084.11)
_22011
080 _a792
_22011
245 0 0 _a20 rokov Divadla SNP v Martine
_czostavil Igor Galanda
246 3 _aDvadsať rokov Divadla SNP v Martine
250 _a1. vyd.
260 _aBratislava
_bOsveta
_c1963
300 _a209 strán
_bfotografie, ilustrácie, portréty
_c25 cm
366 _e1000 kusov
500 _aVydané pre Divadlo SNP v Martine
504 _aBibliografia na strane 157-[205]
546 _aAnglické, maďarské, nemecké a ruské resumé
610 2 7 _aDivadlo Slovenského národného povstania
_2SNKKA
648 7 _a1944-1964
_2SNKPH
650 0 7 _adivadlá
_2SNKPH
650 0 7 _adivadelné umenie
_2SNKPH
650 0 7 _aslovenské divadlo
_2SNKPH
651 7 _aMartin (Slovensko)
_2SNKPHgeo
655 7 _ajubilejné publikácie
_2SNKPH
655 7 _aobrazové publikácie
_2SNKPH
700 1 _aGalanda, Igor,
_d1929-1990
_4com
710 2 _aDivadlo Slovenského národného povstania
_4pbl
910 _asnk
942 _2ddc
_cOLDO
_n0
949 _6273K0223064
_asvkpoB 25737
_bsvkpo112965
949 _617A0883512
_asnkSC 18481
_bsnkKSP 1/64
_s6100:20220111
949 _6270001000494591
_asvkbbS 9904
_bsvkbbm 128432
949 _617A0888235
_asnkSC 18481 D1
_bsnkKSP 2/64
949 _6369701000000515
_aaubbL 2872
_baubbL2872
_pDivadlá - Martin
999 _c20084
_d20084